• AIU
  • Tony Wilmot Memorial Library

Old Testament biblical theology / (Record no. 18183)

MARC details
000 -LEADER
fixed length control field 00557nam a22001931a 4500
003 - CONTROL NUMBER IDENTIFIER
control field NEGST
005 - DATE AND TIME OF LATEST TRANSACTION
control field 20141004020004.0
008 - FIXED-LENGTH DATA ELEMENTS--GENERAL INFORMATION
fixed length control field 030714s1998 001 0 eng d
100 1# - MAIN ENTRY--PERSONAL NAME
Personal name Wood, Chester.
245 10 - TITLE STATEMENT
Title Old Testament biblical theology /
Statement of responsibility, etc Chester Wood.
260 ## - PUBLICATION, DISTRIBUTION, ETC. (IMPRINT)
Place of publication, distribution, etc [S.l.] :
Name of publisher, distributor, etc [s.n.],
Date of publication, distribution, etc 1998.
300 ## - PHYSICAL DESCRIPTION
Extent Several pages.
500 ## - GENERAL NOTE
General note Includes bibliographical references.
590 ## - LOCAL NOTE (RLIN)
Local note Accession number: 27685
630 00 - SUBJECT ADDED ENTRY--UNIFORM TITLE
Uniform title Bible.
Name of part/section of a work O.T.
General subdivision Criticism, interpretation, etc.
630 00 - SUBJECT ADDED ENTRY--UNIFORM TITLE
Uniform title Bible. O.T.
General subdivision Theology.
942 00 - ADDED ENTRY ELEMENTS (KOHA)
Koha issues (borrowed), all copies 2
Holdings
Withdrawn status Lost status Source of classification or shelving scheme Damaged status Not for loan Collection code Home library Current library Shelving location Date acquired Cost, normal purchase price Total Checkouts Full call number Barcode Date last seen Date checked out Price effective from Koha item type
    Library of Congress Classification     General Circulation AIU/NEGST - Tony Wilmot Memorial Library AIU/NEGST - Tony Wilmot Memorial Library General Stacks 08/04/2009 23.45 2 BS 476.T4W66 1997 R01051W3232 09/26/2019 10/03/2014 08/04/2009 Books